[Event "6th ECCW"]
[Site "Belgrade YUG"]
[Date "2001.09.18"]
[Round "3"]
[White "Shumiakina,T"]
[Black "Bojkovic,N"]
[Result "1/2-1/2"]
[WhiteElo "2371"]
[BlackElo "2452"]

1.d4 Nf6 2.c4 e6 3.Nf3 b6 4.g3 Ba6 5.b3 d5 6.cxd5 exd5 7.Bg2 Bd6 8.O-O Nbd7
9.Nc3 O-O 10.Re1 Re8 11.Bb2 Rc8 12.Nd2 c6 13.Rc1 Nf8 14.e4 dxe4 15.Ncxe4 Nxe4
16.Nxe4 Bb4 17.Re3 Ng6 18.a3 Be7 19.h4 f5  1/2-1/2

[Event "Boca Open"]
[Site "Buenos Aires ARG"]
[Date "2001.09.18"]
[Round "2"]
[White "Filgueira,H"]
[Black "Zarnicki,P"]
[Result "1/2-1/2"]
[WhiteElo "2385"]
[BlackElo "2487"]

1.d4 Nf6 2.c4 e6 3.Nf3 b6 4.g3 Ba6 5.b3 Bb4+ 6.Bd2 Be7 7.Nc3 c6 8.e4 d5 9.e5 Ne4
10.Bd3 Nxc3 11.Bxc3 O-O 12.O-O c5 13.dxc5 bxc5 14.Qe2 Bb7 15.Rad1 Qb6 16.Rfe1 Nd7
17.cxd5 exd5 18.e6 fxe6 19.Qxe6+ Qxe6 20.Rxe6 Bf6 21.Bxf6 Nxf6 22.Re7 Rf7  1/2-1/2

[Event "ch-HUN Women"]
[Site "Budapest HUN"]
[Date "2001.09.21"]
[Round "1"]
[White "Goczo,M"]
[Black "Lakos,N"]
[Result "1-0"]
[WhiteElo "2158"]
[BlackElo "2339"]

1.d4 Nf6 2.Nf3 e6 3.c4 b6 4.g3 Ba6 5.b3 Bb4+ 6.Bd2 Be7 7.Bg2 c6 8.O-O d5
9.Ne5 Nfd7 10.Nxd7 Nxd7 11.Qc2 O-O 12.Bc3 Rc8 13.Nd2 b5 14.e4 bxc4 15.bxc4 Nb6
16.Ba5 dxc4 17.Nf3 c5 18.d5 exd5 19.exd5 Qxd5 20.Rad1 Qh5 21.Rfe1 Bf6 22.Nd2 Rcd8
23.Ne4 Bd4 24.Rd2 Qg6 25.Qd1 Rb8 26.h4 h6 27.Kh2 f5 28.h5 Qf7 29.Nxc5 c3
30.Rxd4 c2 31.Qc1 f4 32.Bxb6 Qxh5+ 33.Kg1 fxg3 34.fxg3 Rxb6 35.Qxc2 Rbf6
36.Nxa6 Rf2 37.Rd2 Qa5 38.Rxf2 Qxe1+ 39.Bf1  1-0

[Event "TCh-BUL w"]
[Site "Pamporovo BUL"]
[Date "2001.10.05"]
[Round "4"]
[White "Genova,R"]
[Black "Bojkovic,N"]
[Result "0-1"]
[WhiteElo "2221"]
[BlackElo "2452"]

1.d4 Nf6 2.Nf3 e6 3.c4 b6 4.g3 Ba6 5.b3 d5 6.cxd5 exd5 7.Bg2 Bd6 8.O-O Nbd7
9.Nc3 O-O 10.Bg5 Re8 11.Re1 h6 12.Bf4 Qe7 13.Bxd6 Qxd6 14.Rc1 Rac8 15.Rc2 c5
16.dxc5 Nxc5 17.Nd4 Nce4 18.Nxe4 dxe4 19.Rxc8 Rxc8 20.Qd2 Rc5 21.e3 Bd3 22.Rc1 Qc7
23.Rxc5 bxc5 24.Ne2 c4 25.bxc4 Qxc4 26.Nc3 a5 27.f3 exf3 28.Bxf3 h5 29.Bd1 Qa6
30.Bb3 Bc4 31.Bxc4 Qxc4 32.Qd8+ Kh7 33.Qxa5 h4 34.Qf5+ Kg8 35.Qe5 h3 36.Qd4 Qc6
37.e4  0-1

[Event "Tatry Open"]
[Site "High Tatras SVK"]
[Date "2001.10.06"]
[Round "9"]
[White "Biolek,R"]
[Black "Rigo,Z"]
[Result "1/2-1/2"]
[WhiteElo "2434"]
[BlackElo "2340"]

1.Nf3 Nf6 2.c4 e6 3.d4 b6 4.g3 Ba6 5.b3 Bb4+ 6.Bd2 Be7 7.Bg2 c6 8.O-O d5
9.Qc2 Nbd7 10.Bg5 Rc8 11.Nbd2 c5 12.dxc5 Nxc5 13.Rfd1 O-O 14.Qb2 Nfd7 15.Bxe7 Qxe7
16.Qa3 Nb8 17.cxd5 exd5 18.Nd4 Qf6 19.N2f3 Ne4 20.Rac1 h6 21.Rxc8 Rxc8 22.Rc1 Rc5
23.b4 Rxc1+ 24.Qxc1 Bc4 25.a3 Nd7 26.Qe3 a5 27.Nd2 Nxd2 28.Qxd2 axb4 29.axb4 Qe7
30.Qc3 Nf6 31.Bf3 Qa7 32.Nf5 Kh7 33.Qe5 Qa2 34.Kg2 Qb1 35.Nd6 Qxb4 36.Nxf7 Qb1
37.Nd6 b5 38.Nf5 Bb3 39.Nd4 Bc2 40.Qc7 Bf5 41.Qb7 b4 42.Nxf5 Qxf5 43.Qxb4 Qe5
44.e3 Kg6 45.Qd4 Kf5 46.g4+ Ke6 47.Qa7 Nd7 48.Qb7 Qd6 49.g5 hxg5 50.Bg4+ Ke7
51.Kf3 Qf6+ 52.Ke2 Qd6 53.Kf3 Qf6+ 54.Kg3 Qd6+ 55.Kh3 Qh6+ 56.Kg3  1/2-1/2

[Event "ULIM Cup"]
[Site "Kishnev MDA"]
[Date "2001.10.07"]
[Round "1"]
[White "Itkis,B"]
[Black "Podgursky,S"]
[Result "1-0"]
[WhiteElo "2472"]
[BlackElo "2235"]

1.d4 Nf6 2.c4 e6 3.Nf3 b6 4.g3 Ba6 5.Qa4 Bb7 6.Bg2 c5 7.dxc5 Bxc5 8.O-O O-O
9.Nc3 Be7 10.Rd1 Na6 11.Bf4 Nc5 12.Qc2 Nfe4 13.Ne5 Nxc3 14.Qxc3 Bxg2 15.Kxg2 Qc8
16.b4 f6 17.Nf3 Ne4 18.Qd3 f5 19.Qxd7 Bxb4 20.Ne5 Bc3 21.Rac1 g5 22.Rxc3 Nxc3
23.Bxg5 Nxd1 24.Qxd1 b5 25.cxb5 Qb7+ 26.Nc6 Qxb5 27.Ne7+ Kf7 28.Qd4 Ke8 29.Qg7 Qb7+
30.f3 Rc8 31.Qxh7 Rc2 32.Qh5+ Kd7 33.Ng6 Rb8  1-0

[Event "ch-SLO"]
[Site "Grize SLO"]
[Date "2001.10.09"]
[Round "9"]
[White "Tratar,M"]
[Black "Podlesnik,B"]
[Result "0-1"]
[WhiteElo "2416"]
[BlackElo "2393"]

1.d4 Nf6 2.c4 e6 3.Nf3 b6 4.g3 Ba6 5.b3 d5 6.Bg2 dxc4 7.Ne5 Bb4+ 8.Kf1 Bd6
9.Nxc4 Nd5 10.e4 Ne7 11.Bb2 Nbc6 12.Nd2 b5 13.Nxd6+ cxd6 14.Kg1 O-O 15.h4 Rc8
16.h5 h6 17.Rh4 Qb6 18.d5 Ne5 19.Nf1 b4 20.Bd4 Qb7 21.Ne3 Bb5 22.dxe6 fxe6
23.Bxe5 dxe5 24.Qd6 Nc6 25.Qxe6+ Kh8 26.Nf5 Rf6 27.Nd6 Rxe6 28.Nxb7 Rc7 29.Nc5 Rf6
30.f4 Nd4 31.fxe5 Ne2+ 32.Kh2 Rf2 33.Ne6 Rc2 34.Rf1 Rxg2+ 35.Kxg2 Nf4+ 36.Kg1 Nxe6
37.Rf2 Rc1+ 38.Kg2 Bc6 39.Rd2 Ng5 40.Rd8+ Kh7 41.Kf2 a5 42.Ke3 Rc3+ 43.Ke2 Rxg3
44.e6 Bb5+ 45.Kf2 Rf3+ 46.Kg2 Bf1+ 47.Kg1 Nxe6 48.Rd5 Nf4 49.Rxa5 Ne2+ 50.Kh1 Rg3  0-1

[Event "1st Chess Week"]
[Site "Winterthur SUI"]
[Date "2001.10.11"]
[Round "7"]
[White "Nemet,I"]
[Black "Pikula,D"]
[Result "1/2-1/2"]
[WhiteElo "2427"]
[BlackElo "2450"]

1.d4 Nf6 2.Nf3 e6 3.c4 b6 4.g3 Ba6 5.Nbd2 Bb4 6.Qc2 Bb7 7.Bg2 Be4 8.Qd1 Bxd2+
9.Qxd2 O-O 10.b3 d6 11.O-O Nbd7 12.Bb2 h6 13.b4 c6 14.a4 Qc7 15.Rfc1  1/2-1/2

[Event "TCh-BEL 2001-2"]
[Site "Belgium BEL"]
[Date "2001.10.14"]
[Round "1"]
[White "Groffen,H"]
[Black "Van Heirzeele,D"]
[Result "1-0"]
[WhiteElo "2221"]
[BlackElo "2223"]

1.d4 Nf6 2.c4 e6 3.Nf3 b6 4.g3 Ba6 5.Nbd2 Bb4 6.Qc2 Bb7 7.Bg2 c5 8.O-O cxd4
9.Nxd4 Bxg2 10.Kxg2 O-O 11.e4 Qc7 12.f3 d5 13.cxd5 Qe5 14.Nc4 Qc7 15.Bf4 Qb7
16.dxe6 Rc8 17.Qb3 Bc5 18.Nf5 Nxe4 19.exf7+ Kh8 20.Rae1 Nf6  1-0

[Event "5th Itau Cup"]
[Site "Sao Paulo BRA"]
[Date "2001.10.18"]
[Round "6"]
[White "Sega,C"]
[Black "Pelikian,J"]
[Result "0-1"]
[WhiteElo "2289"]
[BlackElo "2410"]

1.d4 Nf6 2.Nf3 e6 3.c4 b6 4.g3 Ba6 5.Qa4 Be7 6.Bg2 O-O 7.Nc3 c6 8.O-O d5
9.Ne5 Qe8 10.cxd5 cxd5 11.Qxe8 Rxe8 12.Bg5 h6 13.Bf4 Rc8 14.Rfc1 g5 15.Bd2 Bb7
16.Nb5 Nc6 17.Nxc6 Bxc6 18.Nc3 b5 19.f3 a5 20.Nd1 b4 21.Nf2 Ne8 22.Bf1 Nd6
23.e3 Nc4 24.Bxc4 dxc4 25.Rxc4 Bxf3 26.Rxc8+ Rxc8 27.Rc1 Rxc1+ 28.Bxc1 Bd5
29.a3 Bc4 30.Kg2 f5 31.h3 Kf7 32.Kf3 h5 33.axb4 g4+ 34.hxg4 hxg4+ 35.Kg2 axb4
36.e4 Be2 37.Kg1 Bd8 38.Bd2 b3 39.Bc3 Bb6 40.Kh2 Kg6 41.exf5+ Kxf5 42.Kg2 Ba7
43.Kh2 e5  0-1

[Event "It"]
[Site "Durres ALB"]
[Date "2001.10.19"]
[Round "8"]
[White "Karkanaque,I"]
[Black "Rajkovic,Du"]
[Result "1-0"]
[WhiteElo "2382"]
[BlackElo "2518"]

1.d4 Nf6 2.c4 e6 3.Nf3 b6 4.g3 Ba6 5.b3 b5 6.Bg2 bxc4 7.Ne5 Bb4+ 8.Kf1 c6
9.Nxc4 O-O 10.Bf3 d5 11.Ne5 Qb6 12.Nd3 Be7 13.Bb2 Ne4 14.Nc3 f5 15.Na4 Qa5
16.Nf4 Rf6 17.Nc5 Bc8 18.h4 Bd6 19.e3 Na6 20.a3 Qc7 21.Kg2 Naxc5 22.dxc5 Be5
23.Bxe5 Qxe5 24.Qd4 Qb8 25.Nd3 Qb5 26.b4 Nd2 27.a4 Qb8 28.Ne5 Nb3 29.Qc3 Nxa1
30.Nxc6 Qc7 31.Nd4 a6 32.Rxa1 Kh8 33.Rb1 e5 34.Nc2 Bb7 35.b5 d4 36.exd4 exd4
37.Nxd4 axb5 38.axb5 Bxf3+ 39.Qxf3 Rd8 40.Nc6 Rdf8 41.Re1 Qb7 42.Nd4 Qa7
43.b6 Qa5 44.Rc1 f4 45.Qc3 Qa2 46.g4 f3+ 47.Kg3 Qd5 48.c6 Qe5+ 49.Kh3 Rh6
50.Nxf3 Qf4 51.Qe3 Qd6 52.c7 Re6 53.c8=Q Rxe3 54.fxe3 h5 55.b7  1-0

[Event "4th Golden Autumn"]
[Site "Alushta UKR"]
[Date "2001.10.20"]
[Round "?"]
[White "Itkis,B"]
[Black "Belikov,V"]
[Result "1/2-1/2"]
[WhiteElo "2472"]
[BlackElo "2488"]

1.d4 Nf6 2.Nf3 e6 3.c4 b6 4.g3 Ba6 5.Qa4 Bb7 6.Bg2 c5 7.dxc5 Bxc5 8.Nc3 Be7
9.O-O O-O 10.Rd1 a6 11.Bf4 d6 12.Rd2 Qc7 13.Rad1 Rd8 14.Ng5 Bxg2 15.Kxg2 Nc6
16.Nge4 Ne8 17.f3 Na5 18.b3 Nb7 19.g4 Kf8 20.Bg3 Qc8 21.Nb1 h6 22.Bf2 Qc7
23.Bg3 Qc8 24.Bf2 Qc7 25.Bg3 Nc5 26.Nxc5 Qxc5 27.Bf2 Qc7 28.Qb4 Rdb8 29.Qc3 Qb7
30.Qd3 Kg8 31.Bg3 Qc6  1/2-1/2

[Event "5th Itau Cup"]
[Site "Sao Paulo BRA"]
[Date "2001.10.21"]
[Round "9"]
[White "Aranha Filho,A"]
[Black "Tsuboi,E"]
[Result "1/2-1/2"]
[WhiteElo "2251"]
[BlackElo "2341"]

1.d4 Nf6 2.c4 e6 3.Nf3 b6 4.g3 Ba6 5.b3 d5 6.Bg2 Bb4+ 7.Bd2 Be7 8.Nc3 c6
9.cxd5 cxd5 10.b4 O-O 11.b5 Bb7 12.O-O Nbd7 13.Qb3 Ne4 14.Rfc1 Nd6 15.Nd1 Nc4
16.Bb4 Re8 17.Bxe7 Qxe7 18.Nb2 Na5 19.Qa4 Rac8 20.e3 Qd6 21.Nd3 f6 22.Nd2 Rxc1+
23.Rxc1 Rc8 24.Rxc8+ Bxc8 25.Qc2 Bb7 26.Qc3 a6 27.a4 axb5 28.axb5 e5 29.Bh3 e4
30.Nf4 Nf8 31.Bc8 g5 32.Nh5 Bxc8 33.Qxc8 Kf7 34.g4 Qd7 35.Qxd7+ Nxd7 36.Nb1 Nc4
37.Nc3 Ke6 38.Ng7+ Kf7 39.Nf5 Ke6 40.Ng7+ Kf7 41.Nf5 Ke6 42.Ng7+  1/2-1/2

[Event "WYG18"]
[Site "Oropesa del Mar ESP"]
[Date "2001.10.23"]
[Round "3"]
[White "Caoili,A"]
[Black "Grapsa,G"]
[Result "1-0"]
[WhiteElo "2257"]
[BlackElo "2063"]

1.d4 Nf6 2.Nf3 e6 3.c4 b6 4.g3 Ba6 5.Nbd2 c5 6.Bg2 Bb7 7.e4 cxd4 8.O-O Nc6
9.e5 Ng4 10.h3 Nh6 11.Ne4 Be7 12.Bf4 Ng8 13.Nxd4 Qc8 14.Nb5 Kf8 15.Ned6 Bxd6
16.Nxd6 Qc7 17.Qh5 g6 18.Bh6+ Nxh6 19.Qxh6+ Ke7 20.Qg7 Nxe5 21.Qxe5  1-0

[Event "Jonsson Mem Open"]
[Site "Reykjavik ISL"]
[Date "2001.10.24"]
[Round "2"]
[White "Bjornsson,T"]
[Black "Asmundsson,I"]
[Result "0-1"]
[WhiteElo "2228"]
[BlackElo "2359"]

1.d4 Nf6 2.c4 e6 3.Nf3 b6 4.g3 Ba6 5.b3 Bb4+ 6.Bd2 Be7 7.Bg2 d5 8.Bc3 c6
9.Nbd2 Nbd7 10.O-O Rc8 11.Qc2 c5 12.e4 cxd4 13.Bxd4 dxc4 14.bxc4 O-O 15.Qa4 Nb8
16.Rfd1 Qd7 17.Qb3 Nc6 18.Bc3 Qc7 19.Qb2 Rfd8 20.Rac1 Ne8 21.Bf1 Nb8 22.Be5 Qc6
23.Nd4 Qa4 24.Qb3 Qa5 25.N2f3 Nd7 26.Nb5 Nxe5 27.Nxe5 Bb7 28.Rxd8 Rxd8 29.Rd1 Rxd1
30.Qxd1 Nf6 31.Nd7 Nxe4 32.Bg2 Qxa2 33.Qd4 Qb1+ 34.Bf1 Ng5  0-1

[Event "October Training"]
[Site "Singapore SIN"]
[Date "2001.10.24"]
[Round "6"]
[White "Chan Peng Kong"]
[Black "Teo Kok Siong"]
[Result "1/2-1/2"]
[WhiteElo "2383"]
[BlackElo "2313"]

1.d4 Nf6 2.c4 e6 3.Nf3 b6 4.g3 Ba6 5.b3 d5 6.Bg2 c6 7.Ne5 Nfd7 8.Nxd7 Nxd7
9.O-O Be7 10.Re1 dxc4 11.bxc4 Bxc4 12.Nd2 Bb5 13.a4 Ba6 14.Bxc6 Rc8 15.Bg2 Nf6
16.Nf3 Nd5 17.Ba3 Bxa3 18.Rxa3 Qd6 19.Qa1 Nb4 20.Rc3 O-O 21.Rxc8 Rxc8 22.Qa3 Qf8
23.Rc1 Rxc1+ 24.Qxc1 Bxe2 25.Qc7 Nd3 26.Qxa7 Qc8 27.h4 h6 28.Ne5 Nxe5 29.dxe5 Qd8
30.Qa8 Qxa8 31.Bxa8 Kf8 32.f4 Ke7 33.Kf2 Bd1 34.Bc6 f6 35.Ke3 fxe5 36.fxe5 Bb3
37.Kd4 Kd8 38.Kc3 Bd1 39.Kd2 Bb3 40.Kc3 Bd1 41.Kd2 Bb3 42.Ke3 Bd1 43.Kf4 Ke7
44.g4 Bc2 45.Bb5 Kf8 46.Bc6 Ke7 47.Bb5 Kf8 48.g5 hxg5+ 49.Kxg5 Ke7 50.Bc6 Kf8
51.Bb5 Ke7 52.h5 Kf8 53.Bd7 Ke7 54.Bc6 Bd3 55.h6 gxh6+ 56.Kxh6 Bc2 57.Kg7 Bb3
58.Bb5  1/2-1/2

[Event "Chigorin Mem Open"]
[Site "St Petersburg RUS"]
[Date "2001.10.27"]
[Round "2"]
[White "Ryzhov,I"]
[Black "Tunik,G"]
[Result "0-1"]
[WhiteElo "2245"]
[BlackElo "2460"]

1.d4 Nf6 2.c4 e6 3.Nf3 b6 4.g3 Ba6 5.b3 b5 6.cxb5 Bxb5 7.Bg2 Bc6 8.O-O Qc8
9.Na3 Be7 10.Nc4 O-O 11.Bb2 a5 12.a3 Bd5 13.Qc2 Qb7 14.Ne1 Bxg2 15.Nxg2 d5
16.Nd2 Rc8 17.Rac1 c5 18.dxc5 Rxc5 19.Qb1 Nbd7 20.Qa1 Rac8 21.Nf4 Bf8 22.Rxc5 Rxc5
23.Rc1 Ne4 24.Nxe4 dxe4 25.Rc4 Rxc4 26.bxc4 Qc7 27.Qc1 Nb6 28.Qc3 Na4 29.Qc2 Nxb2
30.Qxb2 Qxc4 31.e3 a4 32.Ne2 Qb3 33.Qd4 Qxa3 34.Qxe4 Qb2 35.Nd4 a3 36.Kg2 a2
37.Nc2 a1=Q 38.Nxa1 Qxa1 39.h4 Qa5 40.Kh2 Qd5 41.Qf4 h5 42.Qa4 Qf3 43.Kg1 g6
44.Qc4 Bd6 45.Qd4 Qd5 46.Qa4 Be5 47.Qc2 Qf3 48.Kh2 g5  0-1

[Event "Chigorin Mem Open"]
[Site "St Petersburg RUS"]
[Date "2001.10.28"]
[Round "3"]
[White "Ionov,S"]
[Black "Kashtanov,R"]
[Result "1-0"]
[WhiteElo "2544"]
[BlackElo "2403"]

1.d4 e6 2.c4 Nf6 3.Nf3 b6 4.g3 Ba6 5.Qa4 c6 6.Nc3 d5 7.cxd5 Nxd5 8.Bd2 Be7
9.e4 Bxf1 10.Kxf1 Nxc3 11.Bxc3 O-O 12.Kg2 b5 13.Qb3 a5 14.Rad1 a4 15.Qc2 Na6
16.Rhe1 Bf6 17.a3 Rc8 18.h4 g6 19.h5 Bg7 20.hxg6 fxg6 21.Re3 Qd6 22.Qe2 Bh6
23.Red3 b4 24.Bd2 Bxd2 25.R3xd2 Nc7 26.axb4 Qxb4 27.Rc2 Nb5 28.Qc4 Qxc4 29.Rxc4 a3
30.bxa3 Nxa3 31.Rc5 Nb5 32.Ne5 Na7 33.Ra1 Rc7 34.d5 exd5 35.exd5 Rd8 36.dxc6 Kg7
37.Ra2 Rd6 38.Ra6 Kf6 39.f4 Rd8 40.Kf3 Ke6 41.Rc3 Rdc8 42.Ke4 Rb8 43.Rd3 Rb4+
44.Ke3 Nc8 45.Rd7 Ne7 46.Rxc7 Nd5+ 47.Kf3 Nxc7 48.Ra7 Kd6 49.Kg4 Rb1 50.Rb7 Rc1
51.Rb3 Rh1 52.Rd3+ Ke6 53.Nc4 Ne8 54.Re3+ Kf7 55.Ne5+ Kg7 56.Rc3 Nc7 57.Rd3 Kf6
58.Rd6+ Ne6 59.c7  1-0

[Event "Jonsson Mem Open"]
[Site "Reykjavik ISL"]
[Date "2001.10.29"]
[Round "6"]
[White "Thorarinsson,P"]
[Black "Edvardsson,K"]
[Result "1-0"]
[WhiteElo "2202"]
[BlackElo "2245"]

1.d4 Nf6 2.c4 e6 3.Nf3 b6 4.g3 Ba6 5.b3 Bb7 6.Bg2 Bb4+ 7.Bd2 a5 8.O-O O-O
9.Bg5 a4 10.Nbd2 h6 11.Bxf6 Qxf6 12.e4 d5 13.Qc2 c5 14.dxc5 axb3 15.Nxb3 dxe4
16.Nfd4 bxc5 17.Nb5 Qe5 18.a3 Ba5 19.Qe2 Nd7 20.Nxa5 Rxa5 21.Qd2 Rxb5 22.cxb5 Nf6
23.a4 Bd5 24.b6 c4 25.Ra3 Rc8 26.Rc1 Nd7 27.a5 Nc5 28.a6 Nd3 29.b7 Re8 30.Rb1 Qd6
31.Rxd3 cxd3 32.a7 Bxb7 33.Rxb7 Rc8 34.Bxe4  1-0

[Event "Jonsson Mem Open"]
[Site "Reykjavik ISL"]
[Date "2001.10.29"]
[Round "6"]
[White "Halldorsson,J"]
[Black "Thorhallsson,G"]
[Result "1/2-1/2"]
[WhiteElo "2143"]
[BlackElo "2279"]

1.d4 Nf6 2.Nf3 e6 3.c4 b6 4.g3 Ba6 5.Qa4 c5 6.Bg2 Qc8 7.O-O Bb7 8.Nc3 cxd4
9.Nxd4 Bxg2 10.Kxg2 Qb7+ 11.Kg1 Bc5 12.Nb3 Be7 13.Bf4 O-O 14.Rfd1 Rc8 15.Rac1 a6
16.Nd2 Nc6 17.Nde4 Nxe4 18.Nxe4 b5 19.cxb5 axb5 20.Qb3 d5 21.Nd6 Bxd6 22.Bxd6 Na5
23.Qb4 Nc4 24.b3 Nxd6 25.Qxd6 g6 26.a3 Ra6 27.Qb4 Rca8 28.Rc5 Rxa3 29.Rxb5 Qc7
30.Qd4 Rb8 31.Qb4 Rxb5 32.Qxa3 Qc2 33.Rc1 Qxb3 34.Rc8+ Kg7 35.Qf8+ Kf6 36.Rc7 Qb1+
37.Kg2 Qe4+ 38.Kh3 Qf5+ 39.Kg2 Qe4+ 40.Kh3 Qf5+ 41.Kg2 Qe4+  1/2-1/2

[Event "IM"]
[Site "Le Touquet FRA"]
[Date "2001.10.30"]
[Round "6"]
[White "Inkiov,V"]
[Black "Gervasio,R"]
[Result "1-0"]
[WhiteElo "2500"]
[BlackElo "2321"]

1.d4 Nf6 2.c4 e6 3.Nf3 b6 4.g3 Ba6 5.Nbd2 c5 6.Bg2 Bb7 7.dxc5 Bxc5 8.O-O O-O
9.a3 Be7 10.b4 d6 11.Bb2 Nbd7 12.Rc1 Rc8 13.Qa4 Rc7 14.Nd4 Bxg2 15.Kxg2 Qa8+
16.Kg1 a6 17.b5 Rfc8 18.Nc6 Bf8 19.Nf3 axb5 20.Qxa8 Rxa8 21.cxb5 Nc5 22.Rc2 Ra4
23.Ra1 Rc8 24.Nd2 Rca8 25.Bxf6 gxf6 26.Nc4 Nd7 27.e4 f5 28.Rd1 fxe4 29.Nxd6 Nf6
30.Ne5 e3 31.fxe3 Nd5 32.Ndc4 Bc5 33.Rd3 Bxa3 34.Rxd5 exd5 35.Nxb6 Bc5 36.Rxc5 Ra1+
37.Kg2 R8a2+ 38.Kh3 Rh1 39.Nxd5 Rhxh2+ 40.Kg4 Raf2 41.Nf4 Rc2 42.Nc4 h5+
43.Nxh5 Kh7 44.b6 Rh1 45.Rc7 Rb1 46.Nd6 Rb4+ 47.Kg5  1-0

[Event "Jonsson Mem Open"]
[Site "Reykjavik ISL"]
[Date "2001.10.31"]
[Round "8"]
[White "Halldorsson,J"]
[Black "Kjartansson,D"]
[Result "1-0"]
[WhiteElo "2143"]
[BlackElo "2224"]

1.d4 Nf6 2.Nf3 e6 3.c4 b6 4.g3 Ba6 5.b3 d5 6.Bg2 dxc4 7.Ne5 Bb4+ 8.Bd2 Qxd4
9.Bxb4 Qxa1 10.Bc3 Qxa2 11.Bxa8 cxb3 12.Nd2 Qc2 13.Qxc2 bxc2 14.Nb3 O-O 15.Kd2 Rd8+
16.Kxc2 Bxe2 17.Nd4 Bg4 18.Bg2 Bf5+ 19.Nxf5 exf5 20.Bh3 g6 21.Ra1 Ne4 22.Rxa7 Nxf2
23.Rxc7 f6 24.Bf1 fxe5 25.Bc4+ Kf8 26.Bb4+ Ke8 27.Bf7+  1-0

[Event "IM"]
[Site "Le Touquet FRA"]
[Date "2001.11.01"]
[Round "8"]
[White "Bouhallel,R"]
[Black "Therkildsen,T"]
[Result "1-0"]
[WhiteElo "2363"]
[BlackElo "2108"]

1.d4 Nf6 2.Nf3 e6 3.c4 b6 4.g3 Ba6 5.Qa4 Bb7 6.Bg2 Be7 7.O-O O-O 8.Qc2 c5
9.dxc5 Bxc5 10.Nc3 Nc6 11.Rd1 Nb4 12.Qb1 Ng4 13.e3 Qf6 14.Ne4 Qf5 15.Nxc5 Qxc5
16.h3 Nf6 17.a3 Na6 18.Rd4 e5 19.b4 Qe7 20.Rd1 d6 21.Qb3 Rfd8 22.Bb2 Rac8
23.Rac1 Be4 24.Rd2 Qb7 25.Qd1 h6 26.Bxe5  1-0

[Event "WYB18"]
[Site "Oropesa del Mar ESP"]
[Date "2001.11.01"]
[Round "10"]
[White "Flumbort,A"]
[Black "Stojanovic,Da"]
[Result "1/2-1/2"]
[WhiteElo "2434"]
[BlackElo "2378"]

1.d4 e6 2.c4 Nf6 3.Nf3 b6 4.g3 Ba6 5.b3 b5 6.cxb5 Bxb5 7.Bg2 Bc6 8.O-O a5
9.Nc3 Bb4 10.Qc2 Qc8 11.a3 Bxc3 12.Qxc3 Qb7 13.d5 Bxd5 14.Bg5 Ke7 15.Rac1 h6
16.Qc5+ Ke8 17.Bxf6 gxf6 18.Qc3 Ke7 19.Qc5+ Ke8 20.Qc3 Ke7  1/2-1/2

[Event "Jonsson Mem Open"]
[Site "Reykjavik ISL"]
[Date "2001.11.02"]
[Round "10"]
[White "Schandorff,L"]
[Black "Stefansson,H"]
[Result "1/2-1/2"]
[WhiteElo "2551"]
[BlackElo "2575"]

1.d4 Nf6 2.c4 e6 3.Nf3 b6 4.g3 Ba6 5.b3 Bb4+ 6.Bd2 Be7 7.Bg2 c6 8.Bc3 d5
9.Nbd2 Nbd7 10.O-O O-O 11.Re1 Bb7 12.e4 Nxe4 13.Nxe4 dxe4 14.Rxe4 c5 15.Re3 Bf6
16.dxc5 Bxc3 17.Rxc3 Nxc5 18.Qe2 Qc7 19.Rd1 Rad8 20.Rcc1 Rxd1+ 21.Rxd1 Rd8
22.Rxd8+ Qxd8 23.Ne5 Bxg2 24.Kxg2 a5 25.Nf3  1/2-1/2

[Event "Jonsson Mem Open"]
[Site "Reykjavik ISL"]
[Date "2001.11.02"]
[Round "10"]
[White "Halldorsson,J"]
[Black "Asmundsson,I"]
[Result "1-0"]
[WhiteElo "2143"]
[BlackElo "2359"]

1.d4 Nf6 2.Nf3 e6 3.c4 b6 4.g3 Ba6 5.Qa4 Bb7 6.Bg2 c5 7.dxc5 Bxc5 8.O-O O-O
9.Nc3 Nc6 10.Rd1 d5 11.cxd5 exd5 12.Bg5 h6 13.Rxd5 Qe7 14.Bxf6 Qxf6 15.Qh4 Qg6
16.Rad1 Rfe8 17.e3 Ne7 18.Rd7 Nf5 19.Qh3 Bc6 20.Nh4 Nxh4 21.Qxh4 Bxg2 22.Kxg2 Qc6+
23.e4 Bb4 24.Nd5 Bd6 25.Nf6+ gxf6 26.R1xd6 Qxe4+ 27.Qxe4 Rxe4 28.Rxf6 Re2
29.Rfxf7 a5 30.Rg7+ Kh8 31.Rh7+ Kg8 32.Rdg7+ Kf8 33.Rb7 Kg8 34.Rxh6 Rxb2
35.Rhxb6 Rxa2 36.Rb8+ Rxb8 37.Rxb8+ Kf7 38.g4 Ke6 39.h4 Ke5 40.Kg3 Ra1 41.h5 a4
42.h6 Rh1 43.Rb5+ Kf6 44.Kf4 Kg6 45.Rb6+ Kh7 46.Kg5 a3 47.Rb7+ Kg8 48.Kg6 Kf8
49.Ra7  1-0

[Event "VI IM"]
[Site "Rijeka CRO"]
[Date "2001.11.10"]
[Round "8"]
[White "Dumpor,A"]
[Black "Bistric,F"]
[Result "0-1"]
[WhiteElo "2325"]
[BlackElo "2446"]

1.d4 Nf6 2.c4 e6 3.Nf3 b6 4.g3 Ba6 5.Nbd2 c5 6.Bg2 Nc6 7.O-O Be7 8.Qa4 Qc8
9.Rd1 O-O 10.e4 cxd4 11.e5 Ne8 12.Nxd4 Nxd4 13.Bxa8 Qxa8 14.Qxa6 f6 15.c5 Bxc5
16.Qd3 fxe5 17.Qe4 d5 18.Qxe5 Rxf2 19.Kh1 Nf6 20.Nf1 Ng4 21.Qe1 Re2  0-1

[Event "5th Open"]
[Site "Halkida GRE"]
[Date "2001.11.17"]
[Round "2"]
[White "Skembris,S"]
[Black "Nikolaidis,K"]
[Result "1/2-1/2"]
[WhiteElo "2458"]
[BlackElo "2361"]

1.d4 Nf6 2.c4 e6 3.Nf3 b6 4.g3 Ba6 5.Qa4 Be7 6.Bg2 O-O 7.Nc3 c6 8.O-O d5
9.Ne5 Qe8 10.cxd5 cxd5 11.Qxe8 Rxe8 12.Bg5 Nbd7 13.Nxd7 Nxd7 14.Bxe7 Rxe7
15.a4 Nf6 16.Rfc1 Ne8 17.a5 bxa5 18.Rxa5 Bc4 19.e4 dxe4 20.Bxe4 Rd8 21.Rca1 a6
22.R1a4 Nd6 23.Bc6 Rb8 24.Rc5 Bd3 25.b4 g6 26.d5 Nb7 27.Bxb7 Rbxb7 28.Ra1 exd5
29.Nxd5 Re6 30.h4 Be4 31.Rc8+ Kg7 32.Nc7 Rc6 33.Ne8+ Kh6 34.Rd8 Rxb4 35.Nd6 Bd5
36.Nf5+ gxf5 37.Rxd5 Rb5 38.Rd7 Kg6 39.Ra7 Rbb6 40.Kg2 Re6 41.Ra4 Rbc6 42.Ra8 h6
43.Ra5 Rf6 44.Rg8+ Kh7 45.Ra8 Kg6 46.Rg8+ Kh7 47.Ra8 Kg6 48.Rg8+  1/2-1/2

[Event "5th Open"]
[Site "Halkida GRE"]
[Date "2001.11.20"]
[Round "6"]
[White "Skembris,S"]
[Black "Gurevich,Vl"]
[Result "1/2-1/2"]
[WhiteElo "2458"]
[BlackElo "2482"]

1.d4 Nf6 2.c4 e6 3.Nf3 b6 4.g3 Ba6 5.Qa4 Bb7 6.Bg2 c5 7.dxc5 Bxc5 8.Nc3 Be7
9.O-O O-O 10.Rd1 Na6 11.Be3 Qc8 12.Rac1 Nc5 13.Qc2 Nce4 14.Bd4 d6 15.b3 Rd8
16.Qb2 Nxc3 17.Bxc3 Bc6 18.Bh3 a6 19.a4 Rb8 20.Nd4 Ba8 21.Bb4 Qb7 22.Nf3 d5  1/2-1/2

[Event "9th YM"]
[Site "Loures POR"]
[Date "2001.11.28"]
[Round "2"]
[White "Guerra,V"]
[Black "Pinheiro,J"]
[Result "0-1"]
[WhiteElo "2160"]
[BlackElo "2339"]

1.d4 Nf6 2.c4 e6 3.Nf3 b6 4.g3 Ba6 5.Qa4 Bb7 6.Bg2 Be7 7.O-O O-O 8.Nc3 c5
9.Rd1 a6 10.Bf4 d6 11.dxc5 bxc5 12.Qb3 Qc7 13.Rd2 h6 14.Rad1 e5 15.Be3 Nc6
16.Nh4 Rab8 17.Nf5 Nd4 18.Nxe7+ Qxe7 19.Qa3 Bxg2 20.Kxg2 Qe6 21.b3 Rb6 22.Qb2 Ra8
23.Qb1 a5 24.Na4 Rb7 25.f3 Nf5 26.Bxc5 e4 27.Bg1 h5 28.Nb6 Re8 29.Nd5 Nxd5
30.Rxd5 exf3+ 31.exf3 Qe2+ 32.Kh3 g6 33.R5d3 g5 34.g4 hxg4+ 35.Kxg4 Ng7 36.R1d2 Qe6+
37.Kg3 Nh5+ 38.Kf2 Nf4 39.Rc3 Qh3 40.Qf1 Qh4+  0-1

[Event "Friendship GM"]
[Site "Prerove CZE"]
[Date "2001.12.05"]
[Round "2"]
[White "Nalivajko,E"]
[Black "Stocek,J"]
[Result "0-1"]
[WhiteElo "2481"]
[BlackElo "2518"]

1.d4 Nf6 2.c4 e6 3.Nf3 b6 4.g3 Ba6 5.b3 b5 6.cxb5 Bxb5 7.Bg2 d5 8.O-O Nbd7
9.Re1 Bd6 10.Bb2 O-O 11.Ne5 c5 12.Nc3 Ba6 13.Nxd7 Qxd7 14.e4 cxd4 15.e5 dxc3
16.Bxc3 Ne4 17.Bxe4 Ba3 18.Bd3 Bxd3 19.Qxd3 Rfc8 20.Re2 Rab8 21.Bb2 Bxb2
22.Rxb2 Qc7 23.Qe2 Rb6 24.Rd1 Rb4 25.Rdd2 Re4 26.Qd3 Qxe5 27.Rbc2 Re1+ 28.Kg2 Rc1
29.Qd4 Qb8 30.Rxc8+ Rxc8 31.Qb2 Qc7 32.b4 g6 33.b5 e5 34.a4 d4 35.Qb4 Qb7+
36.f3 Rc3 37.Rf2 Qd5 38.Qe7 d3  0-1

[Event "TCh-CZE 2001-2"]
[Site "CZE"]
[Date "2001.12.15"]
[Round "4"]
[White "Dydyshko,V"]
[Black "Hracek,Z"]
[Result "1/2-1/2"]
[WhiteElo "2526"]
[BlackElo "2586"]

1.d4 Nf6 2.Nf3 e6 3.c4 b6 4.g3 Ba6 5.b3 Bb7 6.Bg2 Bb4+ 7.Bd2 c5 8.Bxb4 cxb4
9.O-O O-O 10.Nbd2 a5 11.Qc2 d6 12.e4 Nbd7 13.Nh4 e5 14.Nf5 Qc7 15.Qd3 Rfe8
16.f3 g6 17.Ne3 exd4 18.Qxd4 Qc5  1/2-1/2

[Event "TSGM December"]
[Site "Belgrade YUG"]
[Date "2001.12.17"]
[Round "3"]
[White "Nikcevic,N"]
[Black "Marinkovic,Sl"]
[Result "1/2-1/2"]
[WhiteElo "2462"]
[BlackElo "2452"]

1.Nf3 Nf6 2.c4 b6 3.d4 e6 4.g3 Ba6 5.b3 Bb4+ 6.Bd2 Be7 7.Bg2 c6 8.Bc3 d5
9.Ne5 O-O 10.Nd2 Bb7 11.e4 Na6 12.O-O c5 13.exd5 exd5 14.Ng4 Qd7 15.Ne5 Qc7  1/2-1/2

[Event "TSGM December"]
[Site "Belgrade YUG"]
[Date "2001.12.18"]
[Round "4"]
[White "Antic,D"]
[Black "Bakre,T"]
[Result "1-0"]
[WhiteElo "2464"]
[BlackElo "2446"]

1.d4 Nf6 2.Nf3 e6 3.c4 b6 4.g3 Ba6 5.b3 b5 6.cxb5 Bxb5 7.Bg2 d5 8.O-O Nbd7
9.Nc3 Ba6 10.Bg5 Be7 11.b4 Bb7 12.Rb1 O-O 13.Qc2 Nb6 14.Ne5 Nfd7 15.Bxe7 Qxe7
16.Nd3 a5 17.bxa5 Rxa5 18.a4 Rfa8 19.Rb4 Ba6 20.Rfb1 Bxd3 21.exd3 g6 22.Rb5 R5a6
23.Ra1 Qd6 24.Ra2 Qc6 25.Qb3 Nc8 26.Rc2 Qd6 27.Nxd5 exd5 28.Bxd5 c6 29.Bxf7+ Kg7
30.Rb7 Rb6 31.Rxb6 Ncxb6 32.Be6 Rxa4 33.d5 cxd5 34.Bxd7 Ra1+ 35.Kg2 Nxd7
36.Qb2+ Qf6 37.Qb7 Qf5 38.Rc7 Ra2 39.Rxd7+ Kh6 40.Rxh7+ Kg5 41.Qe7+  1-0

[Event "It"]
[Site "Lvov UKR"]
[Date "2001.12.22"]
[Round "5"]
[White "Maksimenko,A"]
[Black "Romanishin,O"]
[Result "1/2-1/2"]
[WhiteElo "2495"]
[BlackElo "2575"]

1.d4 Nf6 2.c4 e6 3.Nf3 b6 4.g3 Ba6 5.Qa4 Be7 6.Bg2 O-O 7.Nc3 c6 8.Bf4 b5
9.cxb5 cxb5 10.Nxb5 Nd5 11.Nc3 Nxc3 12.bxc3 d5 13.Nd2 Qc8 14.c4 Nd7 15.c5 g5
16.Be3 Rb8 17.f4 Bb5 18.Qa3 gxf4 19.gxf4 Kh8 20.Rg1 f5 21.Nf3 a6 22.Bf2 Nb6
23.Ng5 Nc4 24.Qc3 Bd8 25.Qh3 Ba5+ 26.Kf1 Nd2+ 27.Ke1 Ne4+ 28.Kf1 Nd2+ 29.Ke1 Ne4+  1/2-1/2